Grand title of the Emperor of Austria - Statistics

General Stats
  • This quiz has been taken 41 times
  • The average score is 16 of 50
Answer Stats
Hint Answer % Correct
Emperor Austria
100%
Archduke Austria
100%
Hungary
96%
King Bohemia
92%
Croatia
92%
Tyrol
80%
Moravia
68%
Styria
64%
Carinthia
60%
Galitzia
60%
Voivode Serbia
60%
Dalmatia
56%
Grand Prince Transylvania
52%
Jerusalem
48%
Slavonia
48%
Carniola
44%
Grand Duke Kraków
44%
Lodomeria
40%
Bukovina
32%
Trieste
32%
Windic March
32%
Istria
28%
Gradisca
20%
Habsburg
20%
Tuscany
20%
Count Bregenz
16%
Parma
16%
Trent
16%
Auschwitz
12%
Feldkirch
12%
Illyria
12%
Modena
12%
Teschen
12%
Lorraine
8%
Ragusa
8%
Prince Brixen
4%
Lord Cattaro
4%
Friuli
4%
Gorizia
4%
Hohenems
4%
Lower Lusatia
4%
Lower Silesia
4%
Margrave Upper Lusatia
4%
Duke Upper Silesia
4%
Zator
4%
Guastalla
0%
Kyburg
0%
Piacenza
0%
Sonnenberg
0%
Zara
0%
No matching quizzes found
Score Distribution
Percent of People with Each Score
Percentile by Number Answered
Your Score History
You have not taken this quiz